| 000 | 00445nam a2200169Ia 4500 | ||
|---|---|---|---|
| 008 | 151213s9999 xx 000 0 und d | ||
| 020 | _a978-81-203-3417-5 | ||
| 100 | _aRonald J. Tocci | ||
| 245 |
_aDigital Systems : Principles and Applications _cRonald J. Tocci |
||
| 250 | _a10th | ||
| 260 |
_aNew Delhi _bPrentic Hall _c2007 |
||
| 300 | _a8224 p. | ||
| 650 | _aComputer | ||
| 650 | _aComputer | ||
| 700 | _aRonald J. Tocci | ||
| 999 |
_c4123 _d4123 |
||